000 00554nam a2200217Ia 4500
001 12709
003 GE_BSU
008 181216s||||||||xx |||||||||||||| ||und||
020 _a9780276428661
040 _cGE_BSU
080 _a821.111-32
100 _aMcDermid,Val
245 4 _aThe distant Echo. The lady and the unicorn
245 _bBlood in the sky
260 _aLondon
260 _bthe readers digest association limited
260 _c2004
300 _a538p.ill.20cm.
653 _aThe distant Echo. The lady and the unicorn
942 _cBK
999 _c45880
_d45880